000 00753nam a22002177a 4500
005 20100804142240.0
010 _aENG-98051
020 _a9789380173894
_c60.00
035 _aEN-81584
037 _bDBAD/PUB
082 _a537
100 _aMadesh, M.
_96097
245 _aElectricity and magnetism :
_bsyllabus based on periyar university /
_cby M. Madesh
260 _aThiruvarur (T. N.)
_bAruma Pathippagam
_c2009
270 _a35, Gandhi Colony Koradachery
_bThiruvarur (T. N.)
_e613703
300 _a178p.:
_bill.
_c20cm (pbk)
650 _aElectricity
_96098
650 _aMagnetism
_96099
942 _2ddc
_cEN
_h537
_mMAD
999 _c39248
_d39248